00483nam a2200121Ia 4500008004100000100001900041245011800060245006200178260004800240260001200288650002700300856003400327160809s9999 xx 000 0 und d aShree, Nithya. aSurveillance Video Based Robust Detection and Notification of Real Time Suspicious Activities in Indoor Scenarios cNithya Shree , Rajeshwari Sah and Shreyank N Gowda, R.V.. bComputer Science and Information Technology cMayo-16 xINFORMATION TECHNOLOGY uhttp://airccse.org/V6N53.html